| 000 | 00728nam a22002297a 4500 | ||
|---|---|---|---|
| 005 | 20170124105917.0 | ||
| 010 | _aB-017560 | ||
| 020 |
_c240.00 _a0333932706 |
||
| 035 | _aB-017560 | ||
| 037 | _bCen Lib/Ret | ||
| 040 |
_aDPL _bEN |
||
| 082 |
_a070.195 _bSIN |
||
| 100 |
_aSingh, Chandrakant _92886 |
||
| 245 |
_aBefore the headlines : _cby Chandrakant P. Singh _bAhandbook of TV journalism / |
||
| 260 |
_aDelhi _bMacmillan _c1999 |
||
| 270 |
_a2/10 Ansari road Darya Ganj _b New Delhi |
||
| 300 |
_axv,306p. : _c21cm (Hb) _bill. |
||
| 500 | _aIncludes appendix glossary references and index | ||
| 650 |
_aJournalism _9110191 |
||
| 650 |
_aMass communication _9110192 |
||
| 942 |
_2ddc _cEN _h070.195 _mSIN |
||
| 999 |
_c122887 _d122887 |
||